Explain a Film Plot Badly Quiz Stats

 Plays Quiz Updated Jul 12, 2017

Support Sporcle.
Go Orange.
Score 0/20 Timer 05:00
12 Plays Today
% Correct
The Dark Knight
80.1%
Back to the Future
78.6%
Spider-Man
76.4%
E.T. the Extra-Terrestrial
73.1%
Star Wars - The Empire Strikes Back
72.5%
The Shining
72.1%
Teenage Mutant Ninja Turtles
68.9%
Up
67.5%
Forrest Gump
67%
The Matrix
61.6%
% Correct
The Human Centipede (First Sequence)
59.9%
Toy Story
58.1%
Fight Club
57.5%
Kung Fu Panda
54.6%
Pulp Fiction
53.5%
The Wizard of Oz
51.1%
Fargo
47.1%
A Christmas Story
44.3%
Super Troopers
38.6%
Monty Python and the Holy Grail
25.5%

You're not logged in!

Compare scores with friends on all Sporcle quizzes.
OR
Log In
Forgot?

From the Vault

Missing Middles: 'The' Movies

by MSUKent

What we learn from quizzes like this is that movie makers need to get more creative with their titles.
Remove Ads.
Support Sporcle.
Get the best of Sporcle when you Go Orange. This ad-free experience offers more features, more stats, and more fun while also helping to support Sporcle. Thank you for becoming a member.

Show Comments

Extras

Top Quizzes Today


Score Distribution

Your Account Isn't Verified!

In order to create a playlist on Sporcle, you need to verify the email address you used during registration. Go to your Sporcle Settings to finish the process.

Report this User

Report this user for behavior that violates our Community Guidelines.

Details: